MDQL
is popping MORE tags! Check the
thread
!
Quizzes
Events
Quiz Creation
Community
Videos
Private Events
Remove Ads
Sign In
Join for FREE
Feedback
Dark Mode
Quiz Categories
Sports
Geography
Music
Movies
Television
Just For Fun
Miscellaneous
History
Literature
Language
Science
Gaming
Entertainment
Religion
Holiday
For Kids
Quiz Lab
Recent
Popular Today
Quiz Kudos Today
Editor Picks
Curator Picks
Quizzes by...
Day
Popularity
Type
Ratings
Length
Year
Community
Subscriptions
Recent Discussions
Orange Saloon
Badges
Playlists
Quests
Create
Leaderboards
Showdown
Live 5
Trivia Bingo
Activity
Puzzle Library
Sporcle Events
Private Events
Virtual Trivia
Globe League
Become a Host
Pub Owners
SporcleCon
Opinionation
Our Games
Videos
Blog
Mobile Apps
Partnerships
Remove Ads and Go Orange
Feedback
Television
TV Characters
TV Show
Sitcom
Network
Friends
Reality Shows
Cast
South Park
Star Trek
The Simpsons
Doctor Who
Television
TV Characters
TV Show
Sitcom
Network
Friends
Reality Shows
Cast
South Park
Star Trek
The Simpsons
Doctor Who
Random Quiz
Search Sporcle
×
Quiz Lab
Quiz Lab
Television
Cast
Type in answers that appear in a list
Type in answers that appear in a list
Classic
Best Score? Go Orange.
The Outnumbered Cast Stats
Can you name the The Outnumbered Cast?
By
emz
5m
7 Questions
416 Plays
416 Plays
416 Plays
Comments
Comments
Give Quiz Kudos
Give Quiz Kudos
-
- Ratings
hide this ad
Replay
Link that replays current quiz
Next Quiz
Link to next quiz in quiz playlist
You Got
0%
They Got
Avg Score
65%
Avg Friend Score
Upgrade to see
Score Distribution
Jump to the score distribution portion of the page
Score
0/7
Timer
05:00
0
Plays Today
Name of Character
Name of Actor
% Correct
Jake Brockman
Tyger Drew-Honey
87.7%
Pete Brockman
Hugh Dennis
85.6%
Karen Brockman
Ramona Marquez
73.6%
Sue Brockman
Claire Skinner
70.9%
Ben Brockman
Daniel Roche
63.9%
Angela Morrison
Samantha Bond
48.1%
Frank-
Grandad
David Ryall
29.6%
Quiz Playlist
Details
Report
Send in Message
Add To Playlist
Classic:
Type in answers that appear in a list
Last Updated: Feb 16, 2017
Quiz Scoreboard
CHALLENGE
Sign Up to Join the Scoreboard
Show All
Scores
Hide
Comments
May contain spoilers
Recently Published
1-10 Letter E Words III
by El_Dandy
Language
2m
Street Fighter Characters
by Artimus82
Gaming
60s
College Basketball Coaching Resumes
by pancakes188
Sports
9m
More to Explore
Quiz From the Vault
Featured Blog Post
Where Did the Easter Bunny Come From?
hide this ad
You Might Also Like...
Tags
Actor Quiz
Cast Quiz
Character
Today's Top Quizzes in Television
Browse Television
hide this ad
Today's Top Quizzes in Cast
Browse Cast
Top Contributed Quizzes in Television
1
Survivor Journey Challenge
2
Adjectives in 80s TV Shows
3
5-to-1: The Simpsons Families
4
Adjectives in 00s TV Shows
5
5-to-1: Television Doctors
6
Adjectives in 10s TV Shows
7
7-to-1: TV Show Settings
8
5-to-1: Streaming Originals
9
Adjectives in 70s TV Shows
10
Survivor Seasons
Explore More
Trending Topics
Marvel
Kpop
Anime
Harry Potter
NBA
Disney
Crossword
Song
Pokémon
The Office
Puzzle
Soccer
WWE
NFL
Country
hide this ad
More By:
emz
Quiz
Plays
Rating
Category
Featured
Created
Netball quiz
1,924
1.38
Sports
Feb 20, 2011
Made in Chelsea cast
1,604
3.00
Television
Jun 3, 2011
Field Hockey quiz
529
1.00
Sports
Feb 25, 2011
The Outnumbered Cast
416
3.50
Television
Dec 29, 2010
Les Misérables lead Characters
413
4.00
Entertainment
Jan 1, 2011
Go to Creator's Profile
Score Distribution
Quiz Creator Spotlight
emz
Follow
Send a Message
Quizzes Created
-
Created Quiz Play Count
-
More By This Creator
Popular Quizzes Today
1
Find the US States - No Outlines Minefield
2
Find the Countries of Europe - No Outlines Minefield
3
The Countries of the World
4
Find the US States
5
Risky Map Clicking: Biggest States A-Z
6
US States
7
Popular People in 1961
8
Movies - When Are They Set?
More Television Quizzes
Monopoly by Boardwalk: Cartoons
Editor's Pick
Trending Quizzes
Risky Map Clicking: Least Populous States A-Z
Billboard Blitz: Aretha Franklin
1-10 Letter G Words
Countries of the World: 200 Million BC
1-10 Letter F Words
Recently Updated
Leaping Animals
pecheneg
Reality TV Shows (A-Z)
bhenderson79
Rickey Henderson's Hall of Fame Teammates
pecheneg
Champions League XIs: Arsenal
pecheneg
Quick Pick: Celebrities in WWE's Hall of Fame
aduchscher
A-Z Keypad Blitz II
pecheneg
Multiple Oscar Actors
pecheneg
Mystery Phrase Blitz: Oscar 'Best Actors'
pecheneg
F. Scott Fitzgerald Novels
LTH
Pick 3 Villains
ddd62291
Trending Topics
Marvel
NBA
Anime
Disney
Crossword
Kpop
Harry Potter
Country
Song
The Office
WWE
Pokémon
Puzzle
NFL
Soccer
Your Account Isn't Verified!
In order to create a playlist on Sporcle, you need to verify the email address you used during registration. Go to your
Sporcle Settings
to finish the process.
Report this User
Report this user for behavior that violates our
Community Guidelines
.
Details:
Send Report
Go to the Sporcle.com Mobile Site →
Comments